SAPIX小学部の校舎名 - Statistics

General Stats
  • This quiz has been taken 377 times
  • The average score is 24 of 50
Answer Stats
Hint Answer % Correct
神奈川 横浜校
88%
東京 渋谷校
82%
千葉 千葉校
79%
埼玉 大宮校
76%
東京 東京校
73%
東京 自由が丘校
72%
東京 吉祥寺校
69%
神奈川 武蔵小杉校
69%
千葉 柏校
66%
東京 中野校
65%
東京 お茶の水校
64%
東京 町田校
61%
神奈川 たまプラーザ校
60%
兵庫 三宮校
60%
千葉 松戸校
59%
神奈川 大船校
58%
東京 大井町校
55%
千葉 西船校
55%
埼玉 所沢校
54%
東京 練馬校
51%
神奈川 日吉校
51%
東京 成城校
50%
東京 高田馬場校
50%
東京 巣鴨校
48%
千葉 海浜幕張校
45%
神奈川 茅ヶ崎校
44%
埼玉 南浦和校
43%
東京 豊洲校
42%
東京 国立校
41%
東京 用賀校
40%
東京 白金高輪校
39%
東京 王子校
38%
神奈川 青葉台校
38%
神奈川 上大岡校
38%
兵庫 西宮北口校
38%
東京 仙川校
32%
千葉 新浦安校
32%
東京 下高井戸校
31%
東京 茗荷谷校
31%
神奈川 センター南校
31%
東京 永福町校
29%
神奈川 東戸塚校
29%
兵庫 住吉校
29%
埼玉 新越谷校
28%
大阪 千里中央校
28%
東京 白金台校
27%
大阪 上本町校
27%
東京 晴海校
21%
神奈川 若葉台校
21%
東京 赤羽橋校
20%
No matching quizzes found
Score Distribution
Percent of People with Each Score
Percentile by Number Answered
Your Score History
You have not taken this quiz